Normal view
MARC view
- Aljarajreh, Hamzeh.
Entry Personal Name
001 - CONTROL NUMBER
- control field: 54256
003 - CONTROL NUMBER IDENTIFIER
- control field: OSt
005 - DATE AND TIME OF LATEST TRANSACTION
- control field: 20240308153330.0
008 - FIXED-LENGTH DATA ELEMENTS
- fixed length control field: 240308|| aca||aabn | a|a d
040 ## - CATALOGING SOURCE
- Original cataloging agency: OSt
- Transcribing agency: OSt
100 ## - HEADING--PERSONAL NAME
- Personal name: Aljarajreh, Hamzeh.
670 ## - SOURCE DATA FOUND
- Source citation: Work cat.: (OSt): Aljarajreh, Hamzeh., A nonisolated three-port DC-DC converter with two bidirectional ports and fewer components /, July 2022.
